000 00249nam a22001217a 4500
008 170609b xxu||||| |||| 00| 0 eng d
041 _aeng
080 _a32
100 _a19
101 _aSHP
245 _aCONCERVATISM
_cNISBET.R
942 _2udc
_cBK
999 _c16698
_d16698